00838 2200277 4500001002100000005001700021008004100038035002400079082001000103090001700113100003600130245016300166250001100329260003100340300002000371500002800391650001800419650001700437700002500454700001700479850001500496980001300511985000600524999001500530999001500545YOGYA-0209000000946320090227021220.0 ind  0010-020900000009463 a297.9 a297.9bRaf K aARRAFI'I, Mustafa Shadiq Sywikh aKisah-kisah islamicSyaikh Mustafa Shadiq Ar-rafi'i, Syaikh Ali Ath-Thantawi, Syaikh Muhibbudin al-Khatib ; penerjemah Abdul Kadir Mahdmy ; editor Etty Arifin aCet. 3 aSolobPustaka Mantiqc1993 a...Jilidb18 cm aYang diterima : jilid 2 aIslam-Sejarah aSahabat Nabi aMahdamy, Abdul Kadir aArifin, Etty aYOPDYOG(B) a16-06-05 a2 a98P0117523 a98P0117524